[Event "KP 2017-18, Lazne Belohrad - Jicin B"]
[Site "?"]
[Date "2017.10.29"]
[Round "1.5"]
[White "Kykal, Zbynek"]
[Black "Fojt, Petr"]
[Result "1/2-1/2"]
[WhiteElo "1766"]
[BlackElo "1742"]
[PlyCount "63"]
[EventDate "2017.10.29"]

1. d4 Nf6 2. Nf3 g6 3. Bg5 Bg7 4. e3 O-O 5. Nbd2 c5 6. c3 d5 7. Bd3 Nc6 8. O-O
Bg4 9. h3 Bxf3 10. Nxf3 Ne4 11. Bf4 c4 12. Bxe4 dxe4 13. Nd2 Qd5 14. Qe2 Na5
15. Bc7 b6 16. f3 exf3 17. Rxf3 f5 18. Re1 Rac8 19. Bg3 e5 20. dxe5 Bxe5 21. e4
fxe4 22. Rxf8+ Kxf8 23. Bxe5 Qxe5 24. Qxe4 Qxe4 25. Rxe4 Rc5 26. a4 Kf7 27. Rh4
h5 28. Rd4 Ke6 29. Kf2 a6 30. Rd8 Rd5 31. Rxd5 Kxd5 32. Ke3 1/2-1/2

[Event "KP 2017-18, Lazne Belohrad - Jicin B"]
[Site "?"]
[Date "2017.10.29"]
[Round "1.6"]
[White "Sajdl, Jan"]
[Black "Pochop, Karel ml."]
[Result "1-0"]
[WhiteElo "1688"]
[BlackElo "1814"]
[PlyCount "59"]
[EventDate "2017.10.29"]

1. e4 d6 2. d4 Nf6 3. Nc3 g6 4. Bc4 Bg7 5. Be3 Nxe4 6. Bxf7+ Kxf7 7. Nxe4 Rf8
8. h4 Bf5 9. Ng5+ Kg8 10. g4 c5 11. gxf5 cxd4 12. Ne6 Qa5+ 13. Qd2 Qxf5 14.
Nxd4 Qd5 15. Rh3 Nd7 16. c3 Ne5 17. Ndf3 Qe6 18. Nxe5 Bxe5 19. O-O-O Qxa2 20.
Qd5+ Qxd5 21. Rxd5 Bf4 22. Kd2 Kg7 23. Ne2 Be5 24. Nd4 Rf6 25. f4 Bxf4 26. Bxf4
e5 27. Be3 exd4 28. Bxd4 Kf7 29. Bxf6 Kxf6 30. Rxd6+ 1-0

[Event "KP 2017-18, Lazne Belohrad - Jicin B"]
[Site "?"]
[Date "2017.10.29"]
[Round "1.7"]
[White "Lelek, Petr"]
[Black "Kriz, Milan"]
[Result "1/2-1/2"]
[WhiteElo "1865"]
[BlackElo "1665"]
[PlyCount "145"]
[EventDate "2017.10.29"]

1. d4 Nf6 2. c4 e6 3. Nc3 d5 4. e3 a6 5. a3 c5 6. dxc5 Bxc5 7. b4 Be7 8. c5 b5
9. Nf3 Nc6 10. Nd4 Bd7 11. Bb2 O-O 12. Bd3 e5 13. Nde2 e4 14. Bc2 Be6 15. Nd4
Nxd4 16. Qxd4 Ne8 17. Qd2 f5 18. Ne2 Bf6 19. Bc3 Bxc3 20. Qxc3 Qf6 21. Qxf6
Nxf6 22. Nd4 Kf7 23. O-O g6 24. Bb3 Rfd8 25. Rfc1 Rd7 26. Rc2 Rc7 27. Rca2 Bd7
28. Rc1 Bc6 29. h3 Rd8 30. a4 bxa4 31. Bxa4 Bb7 32. Bd1 Ra8 33. Be2 Rb8 34. Rb1
Ra8 35. Ra5 Ng8 36. Rba1 Rb8 37. Nc2 Ne7 38. Bxa6 Nc6 39. Bxb7 Rcxb7 40. Ra8
Rxa8 41. Rxa8 h5 42. Ra4 Ke6 43. Nd4+ Nxd4 44. exd4 Kd7 45. Kf1 g5 46. Ke2 Kc6
47. Kd2 Kb5 48. Ra2 f4 49. Kc3 g4 50. Ra5+ Kc6 51. hxg4 hxg4 52. Ra6+ Kc7 53.
Rg6 Rb8 54. Rxg4 Ra8 55. Rxf4 Ra3+ 56. Kd2 Rd3+ 57. Ke2 Rxd4 58. b5 Rc4 59.
Rf7+ Kc8 60. c6 Rc5 61. Rb7 d4 62. Kd2 Rc4 63. g4 Rc5 64. Ke2 Rc2+ 65. Ke1 Rc1+
66. Kd2 Rc5 67. g5 Rxg5 68. b6 Rg6 69. Rc7+ Kb8 70. Rb7+ Kc8 71. Rc7+ Kb8 72.
Ke2 Rf6 73. Rb7+ 1/2-1/2

[Event "KP 2017-18, Lazne Belohrad - Jicin B"]
[Site "?"]
[Date "2017.10.29"]
[Round "1.8"]
[White "Janouch, Jachym"]
[Black "Groh, Ladislav ml."]
[Result "1/2-1/2"]
[WhiteElo "1505"]
[BlackElo "1606"]
[PlyCount "116"]
[EventDate "2017.10.29"]

1. e4 Nf6 2. e5 Nd5 3. d4 d6 4. c4 Nb6 5. exd6 exd6 6. Nc3 Nc6 7. h3 Be7 8. Nf3
O-O 9. Be2 Bf5 10. O-O Re8 11. Be3 Nb4 12. Rc1 c5 13. a3 Nc6 14. d5 Nb8 15. Bd3
Qd7 16. Qc2 Bg6 17. Bxg6 hxg6 18. Ne2 Qf5 19. Qd2 Na6 20. Rfd1 Bf6 21. Ng3 Qd7
22. b4 Qa4 23. Bg5 Qxa3 24. Bxf6 gxf6 25. b5 Nb4 26. Rc3 Qa2 27. Qc1 Qa4 28.
Rd2 Na2 29. Rxa2 Qxa2 30. Qf4 Kg7 31. Kh2 Qb2 32. Re3 Rxe3 33. fxe3 Re8 34. Qg4
Kf8 35. Qf4 Kg7 36. Qg4 Re5 37. Nxe5 Qxe5 38. Qe2 Qc3 39. Qa2 Nxc4 40. Qxa7
Nxe3 41. Qa2 Qc2 42. Qxc2 Nxc2 43. Ne4 Ne3 44. Nxd6 b6 45. Kg3 c4 46. Kf3 Nxd5
47. Nxc4 Nc7 48. Nxb6 Nxb5 49. Nd5 f5 50. g4 fxg4+ 51. hxg4 f6 52. Nf4 Kf7 53.
Ke4 g5 54. Ne2 Ke6 55. Ng3 Nd6+ 56. Ke3 Ke5 57. Kf3 Nb5 58. Nh5 Nd4+ 1/2-1/2

[Event "KP 2017-18, Lipa B - Vrchlabi"]
[Site "?"]
[Date "2017.11.04"]
[Round "1.1"]
[White "Rojikova, Lenka"]
[Black "Rigo, Vit"]
[Result "0-1"]
[WhiteElo "1965"]
[BlackElo "1796"]
[PlyCount "46"]
[EventDate "2017.11.04"]

1. e4 g6 2. d4 Bg7 3. Nc3 c6 4. Nf3 d5 5. e5 f6 6. exf6 Nxf6 7. g3 Bg4 8. Bg2
Nbd7 9. Ne2 Bxf3 10. Bxf3 e5 11. O-O e4 12. Bg2 Qe7 13. c3 O-O-O 14. a4 h5 15.
b4 h4 16. b5 c5 17. Nf4 Qf7 18. Bh3 g5 19. Ne6 hxg3 20. Nxd8 gxh2+ 21. Kxh2
Kxd8 22. Bxg5 Qe6 23. Bxf6+ Nxf6 0-1

[Event "KP 2017-18, Lipa B - Vrchlabi"]
[Site "?"]
[Date "2017.11.04"]
[Round "1.2"]
[White "Tejkal, Lubomir"]
[Black "Nemec, Otakar"]
[Result "1/2-1/2"]
[WhiteElo "1999"]
[BlackElo "1905"]
[PlyCount "62"]
[EventDate "2017.11.04"]

1. e4 c5 2. Nc3 Nc6 3. f4 e6 4. Nf3 d5 5. Bb5 Nge7 6. O-O a6 7. Bxc6+ Nxc6 8.
d3 Be7 9. Qe1 O-O 10. Qg3 f5 11. e5 d4 12. Nb1 Nb4 13. Qf2 b5 14. a3 Nd5 15. c3
dxc3 16. bxc3 c4 17. dxc4 bxc4 18. Qe2 a5 19. Kh1 Bc5 20. Rd1 Ba6 21. a4 Qe7
22. Nd4 Rac8 23. Qf3 Bb7 24. Ba3 Nb4 25. Qf1 Nd3 26. Bxc5 Qxc5 27. Nd2 Bd5 28.
Rdb1 Rb8 29. Rb5 Rxb5 30. axb5 Ra8 31. Ra4 Nb2 1/2-1/2

[Event "KP 2017-18, Lipa B - Vrchlabi"]
[Site "?"]
[Date "2017.11.04"]
[Round "1.3"]
[White "Sedivy, Martin"]
[Black "Kalensky, Jakub"]
[Result "1-0"]
[WhiteElo "2123"]
[BlackElo "1862"]
[PlyCount "99"]
[EventDate "2017.11.04"]

1. e4 e5 2. Nc3 Nc6 3. Bc4 d6 4. d3 Be7 5. Be3 Nf6 6. Nge2 Be6 7. Nd5 Qd7 8.
Qd2 a6 9. a4 O-O 10. h3 Bxd5 11. exd5 Nd8 12. O-O c6 13. Nc3 cxd5 14. Nxd5 Nxd5
15. Bxd5 Nc6 16. b4 Bf6 17. c4 Ne7 18. Bf3 Qc7 19. Rac1 Nf5 20. Bd5 Nxe3 21.
fxe3 Rab8 22. Rxf6 gxf6 23. Qf2 f5 24. Qxf5 Qe7 25. Rf1 b6 26. g4 Kh8 27. g5
Rg8 28. h4 Rg7 29. Rf2 Rbg8 30. Kf1 Rd8 31. Ke2 a5 32. b5 Rf8 33. Qe4 Rg6 34.
Rf5 f6 35. Qf3 Kg7 36. Be4 Kg8 37. Qf1 Kh8 38. Rf2 f5 39. Rxf5 Rxf5 40. Bxf5
Rg8 41. Kf3 Rf8 42. Kg4 Qc7 43. Qf3 Qf7 44. h5 Qe7 45. e4 Rg8 46. Qe3 Qd8 47.
g6 Qc7 48. Qg5 Qc5 49. Qf6+ Rg7 50. Qf8+ 1-0

[Event "KP 2017-18, Lipa B - Vrchlabi"]
[Site "?"]
[Date "2017.11.04"]
[Round "1.4"]
[White "Trojan, Ondrej"]
[Black "Koza, Misha"]
[Result "1/2-1/2"]
[WhiteElo "1843"]
[BlackElo "1826"]
[PlyCount "54"]
[EventDate "2017.11.04"]

1. e4 c5 2. Nf3 Nc6 3. d4 cxd4 4. Nxd4 Nf6 5. Nc3 e5 6. Ndb5 d6 7. Bg5 a6 8.
Na3 b5 9. Nd5 Be7 10. Bxf6 gxf6 11. c3 f5 12. Nxe7 Nxe7 13. exf5 Bxf5 14. Nc2
d5 15. g3 Be4 16. Rg1 Qc7 17. Bd3 Bxd3 18. Qxd3 O-O 19. O-O-O Rac8 20. Kb1 Rfd8
21. Rge1 e4 22. Qe3 a5 23. Qg5+ Kh8 24. Ne3 Qd6 25. Ng4 Rg8 26. Qh5 Qe6 27. Ne3
Rcd8 1/2-1/2

[Event "KP 2017-18, Lipa B - Vrchlabi"]
[Site "?"]
[Date "2017.11.04"]
[Round "1.5"]
[White "Tsapanidis, Vasilis"]
[Black "Blazek, Martin"]
[Result "0-1"]
[WhiteElo "1802"]
[BlackElo "1792"]
[PlyCount "108"]
[EventDate "2017.11.04"]

1. c4 e5 2. Nc3 Nc6 3. Nf3 f5 4. e4 Bb4 5. exf5 Bxc3 6. dxc3 d6 7. Bd3 Nf6 8.
Bg5 O-O 9. O-O Qe8 10. Re1 Qh5 11. Qc2 h6 12. Bh4 Ne7 13. h3 Bxf5 14. Bxf5 Qxf5
15. Qxf5 Nxf5 16. Bxf6 gxf6 17. Re4 Kf7 18. g4 Rg8 19. Kh2 Ne7 20. Nh4 h5 21.
Rg1 hxg4 22. Rexg4 f5 23. Rxg8 Rxg8 24. Rxg8 Kxg8 25. Kg3 Kg7 26. Nf3 Kg6 27.
Kh4 Kh6 28. b4 Ng6+ 29. Kg3 Kh5 30. a4 Nf4 31. Ng1 b6 32. c5 Nd3 33. cxd6 cxd6
34. a5 bxa5 35. bxa5 Nc5 36. Ne2 Nb3 37. a6 Nc5 38. f4 Nxa6 39. fxe5 dxe5 40.
c4 Nc5 41. Nc3 a5 42. Nb5 a4 43. Na3 f4+ 44. Kf3 Kh4 45. Kg2 e4 46. Nc2 f3+ 47.
Kh2 Nd3 48. Ne3 a3 49. Nf5+ Kg5 50. Ne3 a2 51. Nc2 Kh4 52. Na1 e3 53. Nb3 e2
54. c5 e1=Q 0-1

[Event "KP 2017-18, Lipa B - Vrchlabi"]
[Site "?"]
[Date "2017.11.04"]
[Round "1.6"]
[White "Kovar, Ladislav"]
[Black "Portych, Vaclav"]
[Result "1/2-1/2"]
[WhiteElo "1724"]
[BlackElo "1848"]
[PlyCount "83"]
[EventDate "2017.11.04"]

1. d4 Nf6 2. c4 e6 3. Nc3 Bb4 4. Qc2 d5 5. e3 O-O 6. Bd3 dxc4 7. Bxc4 c5 8.
dxc5 Qc7 9. Nf3 Qxc5 10. Bd3 h6 11. Bd2 Bd7 12. Ne4 Nxe4 13. Bxe4 Qxc2 14. Bxc2
Bxd2+ 15. Nxd2 Nc6 16. a3 Rac8 17. Rc1 Ne5 18. O-O Rfd8 19. Ne4 Bb5 20. Rfe1
Bd3 21. Nc3 Rd7 22. Red1 Bxc2 23. Rxd7 Nxd7 24. Rxc2 Nb6 25. h4 Na4 26. h5 b6
27. Rd2 Nxb2 28. Nb5 Na4 29. Nxa7 Ra8 30. Rd7 Nc5 31. Rc7 Rd8 32. Rc8 Rxc8 33.
Nxc8 Nd7 34. Kf1 Kf8 35. Ke2 Ke8 36. f3 Kd8 37. Nd6 f5 38. g3 Ke7 39. Nc8+ Kd8
40. Nd6 Ke7 41. Nc8+ Kd8 42. Nd6 1/2-1/2

[Event "KP 2017-18, Lipa B - Vrchlabi"]
[Site "?"]
[Date "2017.11.04"]
[Round "1.7"]
[White "Kuzmin, Sergej"]
[Black "Urvalek, Tomas"]
[Result "1-0"]
[WhiteElo "1904"]
[BlackElo "1704"]
[PlyCount "95"]
[EventDate "2017.11.04"]

1. d4 d5 2. c4 c6 3. cxd5 cxd5 4. Nc3 Nc6 5. Nf3 Nf6 6. Bf4 a6 7. e3 Bg4 8. Be2
e6 9. O-O Be7 10. Rc1 O-O 11. h3 Bh5 12. Na4 Ne4 13. g4 Bg6 14. Ne5 Nxe5 15.
Bxe5 Rc8 16. f3 Nf6 17. Qd2 Rxc1 18. Rxc1 Bd6 19. Kg2 Bxe5 20. dxe5 Nd7 21. Qc3
f6 22. exf6 Rxf6 23. Qc8 Qxc8 24. Rxc8+ Rf8 25. Rc7 b5 26. Rxd7 bxa4 27. Bxa6
Rb8 28. Rb7 Ra8 29. Rb6 Kf7 30. Kf2 h5 31. a3 hxg4 32. hxg4 Bc2 33. Bb5 Ra7 34.
Bc6 Rc7 35. Rb7 Rxb7 36. Bxb7 g5 37. Ke2 Ke7 38. Kd2 Bb3 39. Ba6 Kd6 40. Bd3 e5
41. Bc2 Bxc2 42. Kxc2 e4 43. fxe4 Ke5 44. exd5 Kxd5 45. b3 axb3+ 46. Kxb3 Ke4
47. a4 Kxe3 48. a5 1-0

[Event "KP 2017-18, Lipa B - Vrchlabi"]
[Site "?"]
[Date "2017.11.04"]
[Round "1.8"]
[White "Vancl, Ladislav"]
[Black "Prazak, Pavel"]
[Result "1/2-1/2"]
[WhiteElo "1618"]
[BlackElo "1783"]
[PlyCount "47"]
[EventDate "2017.11.04"]

1. e4 c5 2. Nc3 d6 3. Nf3 Nf6 4. d3 g6 5. Be2 Bg7 6. O-O O-O 7. a4 Nc6 8. Nd5
Nxd5 9. exd5 Nb4 10. c4 e6 11. dxe6 Bxe6 12. Rb1 Bf5 13. Bg5 Qd7 14. Nh4 Rfe8
15. Nxf5 Qxf5 16. Be3 Qe5 17. Bf3 Rab8 18. Qd2 Nc6 19. Bf4 Qf6 20. Bg5 Qf5 21.
Be4 Qd7 22. b3 Nd4 23. Be3 a6 24. Bxd4 1/2-1/2

[Event "KP 2017-18, Horice - Lipa B"]
[Site "?"]
[Date "2017.11.12"]
[Round "2.1"]
[White "Flasar, Jaroslav"]
[Black "Fiedler, Bedrich"]
[Result "0-1"]
[WhiteElo "2066"]
[BlackElo "2096"]
[PlyCount "50"]
[EventDate "2017.11.12"]

1. e4 c5 2. Nf3 d6 3. d4 cxd4 4. Nxd4 Nf6 5. Nc3 g6 6. Be2 Bg7 7. Be3 O-O 8.
Qd2 Nc6 9. O-O-O Bd7 10. f3 Qa5 11. Nb3 Qc7 12. g4 Be6 13. h4 Rfc8 14. Nd4 Nxd4
15. Bxd4 Qa5 16. a3 Rab8 17. h5 b5 18. h6 Bh8 19. g5 b4 20. Nd5 Nxd5 21. exd5
Qxd5 22. Qe3 Bxd4 23. Rxd4 Qa2 24. Rf1 Qa1+ 25. Kd2 Qxb2 0-1

[Event "KP 2017-18, Horice - Lipa B"]
[Site "?"]
[Date "2017.11.12"]
[Round "2.2"]
[White "Novak, Ludek"]
[Black "Matonoha, Ctirad"]
[Result "0-1"]
[WhiteElo "1952"]
[BlackElo "2043"]
[PlyCount "102"]
[EventDate "2017.11.12"]

1. d4 Nf6 2. c4 e6 3. Nf3 d5 4. Bg5 c6 5. Nc3 Nbd7 6. e3 Qa5 7. Nd2 Bb4 8. Qc2
Ne4 9. Ndxe4 dxe4 10. Bf4 O-O 11. Be2 e5 12. dxe5 Nxe5 13. O-O f5 14. a3 Bxc3
15. Qxc3 Qxc3 16. bxc3 Nd3 17. Bd6 Rd8 18. c5 Be6 19. Bxd3 exd3 20. Rfd1 Bc4
21. Rd2 b5 22. Kf1 a5 23. Ke1 Kf7 24. Rdd1 Rd7 25. Be5 Rda7 26. f3 Ke6 27. Bd4
g6 28. Rdb1 Rb7 29. Kd2 Rab8 30. Rb2 h5 31. h4 Rg8 32. f4 Kd5 33. Rab1 Ra8 34.
Ra1 Rba7 35. Rab1 Re8 36. Re1 Rb7 37. Reb1 Ke6 38. Re1 Ra8 39. Rc1 Ra6 40. Re1
Kd5 41. Rc1 b4 42. cxb4 axb4 43. axb4 Rba7 44. Rcb1 Bb5 45. Kc3 Ra3+ 46. Kd2
Ra1 47. Rxa1 Rxa1 48. Bf6 Kc4 49. Rc2+ dxc2 50. Bxa1 Ba4 51. Bc3 c1=Q+ 0-1

[Event "KP 2017-18, Horice - Lipa B"]
[Site "?"]
[Date "2017.11.12"]
[Round "2.5"]
[White "Lustinec, Vladimir"]
[Black "Tsapanidis, Vasilis"]
[Result "1-0"]
[WhiteElo "1943"]
[BlackElo "1802"]
[PlyCount "129"]
[EventDate "2017.11.12"]

1. e4 e6 2. d4 d5 3. exd5 exd5 4. Nf3 g6 5. Bd3 Bg7 6. O-O Ne7 7. Bg5 f6 8. Bf4
O-O 9. c4 c6 10. Nc3 Re8 11. Qb3 Kh8 12. Rfe1 dxc4 13. Bxc4 b5 14. Bf7 Rf8 15.
Be6 a6 16. Bxc8 Nxc8 17. Qe6 Na7 18. Bd6 Rg8 19. Be7 Qd7 20. Bxf6 Qxe6 21.
Bxg7+ Rxg7 22. Rxe6 Nd7 23. Rae1 Rf8 24. Re7 Nc8 25. Rxg7 Kxg7 26. Ne5 Nb8 27.
g3 Rd8 28. Ne2 Ne7 29. Rc1 Rd6 30. f4 Nf5 31. Nf3 Ne3 32. Kf2 Nc4 33. b3 Nb6
34. Ne5 Nd5 35. Kf3 Nb4 36. a3 Nd5 37. Ke4 Nf6+ 38. Kd3 Nd5 39. Nc3 Ne7 40. Ne4
Rd8 41. Nc5 Rd6 42. Nb7 Re6 43. Na5 Rd6 44. Ke4 Kf6 45. g4 h6 46. h4 Re6 47. f5
gxf5+ 48. gxf5 Rd6 49. Ng4+ Kf7 50. Nb7 Rd7 51. Ne5+ Kf6 52. Nxd7+ Nxd7 53. Nd6
Nb6 54. Ne8+ Kf7 55. Nc7 a5 56. Ne6 Kf6 57. Nd8 a4 58. bxa4 Nc4 59. Rxc4 bxc4
60. a5 Nxf5 61. Nxc6 Nd6+ 62. Kd5 c3 63. Nb4 Ke7 64. Kc6 Nc8 65. Nd5+ 1-0

[Event "KP 2017-18, Horice - Lipa B"]
[Site "?"]
[Date "2017.11.12"]
[Round "2.6"]
[White "Portych, Vaclav"]
[Black "John, Jiri"]
[Result "1/2-1/2"]
[WhiteElo "1848"]
[BlackElo "1710"]
[PlyCount "70"]
[EventDate "2017.11.12"]

1. c4 g6 2. Nf3 Bg7 3. Nc3 Nf6 4. g3 O-O 5. Bg2 d6 6. O-O c6 7. d4 Nbd7 8. b3
e5 9. dxe5 dxe5 10. Bb2 Re8 11. e3 Qc7 12. Qd2 Nf8 13. h3 h5 14. Rad1 Bf5 15.
Qd6 Qa5 16. b4 Qd8 17. Qxd8 Raxd8 18. Rxd8 Rxd8 19. Nxe5 Rd2 20. Ba1 N6d7 21.
Nf3 Rd3 22. Rc1 Ne5 23. Nd4 Bc8 24. Bf1 Rd2 25. Ne4 Rxa2 26. Nd6 Bd7 27. Nxb7
Ne6 28. Nxe6 Bxe6 29. b5 Nf3+ 30. Kg2 Rxa1 31. Rxa1 Bxa1 32. Kxf3 cxb5 33. Na5
bxc4 34. Bxc4 Bxh3 35. Nc6 Bg4+ 1/2-1/2

[Event "KP 2017-18, Horice - Lipa B"]
[Site "?"]
[Date "2017.11.12"]
[Round "2.7"]
[White "Sucharda, Tomas"]
[Black "Sretr, Josef"]
[Result "1-0"]
[WhiteElo "1635"]
[BlackElo "1785"]
[PlyCount "39"]
[EventDate "2017.11.12"]

1. b3 c5 2. e3 d5 3. Bb2 e6 4. Nf3 Nf6 5. d4 Nc6 6. Nbd2 b6 7. c4 dxc4 8. Bxc4
a6 9. a4 Be7 10. O-O O-O 11. Rc1 Bb7 12. Qe2 Na5 13. Rfd1 Nxc4 14. Nxc4 b5 15.
dxc5 Qc7 16. Be5 Bxf3 17. Qxf3 Qxc5 18. Bd4 Qd5 19. Qg3 Rfd8 20. Nb6 1-0

[Event "KP 2017-18, Horice - Lipa B"]
[Site "?"]
[Date "2017.11.12"]
[Round "2.8"]
[White "Kuzmin, Sergej"]
[Black "Stejskal, Michal"]
[Result "1-0"]
[WhiteElo "1904"]
[BlackElo "1466"]
[PlyCount "63"]
[EventDate "2017.11.12"]

1. d4 Nf6 2. Nf3 e6 3. g3 b6 4. Bg2 Bb7 5. O-O Be7 6. c4 d6 7. Nc3 Nbd7 8. Qc2
Rc8 9. e4 c5 10. d5 e5 11. Bh3 O-O 12. Nh4 Rb8 13. Nf5 Re8 14. Nb5 Nf8 15. Nxa7
Ng6 16. Bd2 Kh8 17. a3 Bf8 18. Kg2 Ra8 19. Nb5 Ba6 20. a4 Bxb5 21. axb5 Qc7 22.
Bg5 Ra7 23. Bxf6 gxf6 24. Ra6 Be7 25. Rfa1 Rb7 26. Ra8 Rbb8 27. R1a7 Qd8 28.
Rxb8 Qxb8 29. Qa4 Kg8 30. Qa6 Kf8 31. Rb7 Qa8 32. Rxb6 1-0

[Event "KP 2017-18, Nachod B - Trebechovice"]
[Site "?"]
[Date "2017.11.12"]
[Round "2.1"]
[White "Cechura, Petr"]
[Black "Nosek, Jan"]
[Result "1/2-1/2"]
[WhiteElo "2193"]
[BlackElo "2003"]
[PlyCount "174"]
[EventDate "2017.??.??"]

1. e4 c5 2. d3 Nc6 3. Nf3 g6 4. Nbd2 Bg7 5. g3 e6 6. Bg2 Nge7 7. O-O O-O 8. Re1
d6 9. a4 Rb8 10. c3 a6 11. Qc2 b5 12. axb5 axb5 13. Nf1 b4 14. Be3 Qb6 15. N1d2
Ba6 16. d4 cxd4 17. cxd4 d5 18. exd5 Nxd5 19. Nc4 Bxc4 20. Qxc4 Rfc8 21. Rac1
Nce7 22. Qd3 Nf5 23. Rc4 Nd6 24. Rcc1 Qb5 25. Qb3 Rxc1 26. Rxc1 Rc8 27. Rxc8+
Nxc8 28. Qc2 Nd6 29. Qc5 Qxc5 30. dxc5 Nc4 31. c6 Bxb2 32. Bc5 Bc3 33. Nd2 Nxd2
34. Bxd5 Be5 35. Bxb4 exd5 36. Bxd2 Kf8 37. f4 Bd4+ 38. Kg2 Ke7 39. Bb4+ Kd8
40. Ba5+ Ke7 41. Bb4+ Ke6 42. Kf3 Bb6 43. Ke2 d4 44. Kd3 Kd5 45. Ba3 Kxc6 46.
Kc4 d3 47. Kxd3 Bg1 48. Ke2 Kd5 49. Kf3 f5 50. h3 Kd4 51. Kg2 Be3 52. Kf3 Kd3
53. Bb4 Bd4 54. Ba5 Bc3 55. Bb6 Kd2 56. Bc5 Ke1 57. Bb6 Kf1 58. Bc5 Be1 59. Bb6
Bc3 60. Bc5 Bd2 61. Bb6 h6 62. g4 Be1 63. gxf5 gxf5 64. Bc5 Bc3 65. Bb6 Bf6 66.
Bc5 Bg7 67. Bb6 Ke1 68. Bc5 Kd2 69. Bb6 Kd3 70. Bc5 Kc4 71. Bb6 Kd5 72. Ba5 Ke6
73. Bb4 Kf7 74. Bc5 Bc3 75. Bb6 Be1 76. Bc5 Kg6 77. Be7 Kh5 78. Bd8 Bc3 79. Be7
Kg6 80. Bd8 Kf7 81. Bb6 Bf6 82. Bc5 Kg6 83. Bb4 Kh5 84. Be1 Bd4 85. Bg3 Bf6 86.
Be1 Bh4 87. Bb4 Bf6 1/2-1/2

[Event "KP 2017-18, Nachod B - Trebechovice"]
[Site "?"]
[Date "2017.11.12"]
[Round "2.2"]
[White "Jonas, Vlastimil"]
[Black "Semerak, Pavel"]
[Result "1-0"]
[WhiteElo "2111"]
[BlackElo "2006"]
[PlyCount "81"]
[EventDate "2017.??.??"]

1. d4 Nf6 2. Bg5 c5 3. d5 d6 4. Nc3 g6 5. e4 Bg7 6. Qd2 h6 7. Bh4 g5 8. Bg3 Nh5
9. Bd3 Nd7 10. Nge2 Ne5 11. Bxe5 Bxe5 12. g3 g4 13. Nd1 Rb8 14. c3 b5 15. Ne3
Bg7 16. Nf4 Nf6 17. Qe2 c4 18. Bc2 h5 19. h3 gxh3 20. Nxh3 Ng4 21. Nf4 Nxe3 22.
Qxe3 h4 23. Rxh4 Rxh4 24. gxh4 b4 25. Nh5 Be5 26. f4 Bh8 27. Kd2 Qb6 28. Qxb6
Rxb6 29. Rg1 bxc3+ 30. bxc3 Kf8 31. Ng3 e6 32. dxe6 Bxe6 33. Rb1 Rxb1 34. Bxb1
Bg4 35. Nf1 Bf6 36. Ne3 Bf3 37. Nxc4 d5 38. Ne5 dxe4 39. Nd7+ Kg7 40. Nxf6 Kxf6
41. Ke3 1-0

[Event "KP 2017-18, Nachod B - Trebechovice"]
[Site "?"]
[Date "2017.11.12"]
[Round "2.3"]
[White "Nyvlt, Otto"]
[Black "Slavik, Jan"]
[Result "1/2-1/2"]
[WhiteElo "1975"]
[BlackElo "1926"]
[PlyCount "91"]
[EventDate "2017.??.??"]

1. d4 Nf6 2. c4 g6 3. Nc3 Bg7 4. Nf3 d5 5. Qb3 dxc4 6. Qxc4 O-O 7. e4 c6 8. Be2
Nbd7 9. O-O Nb6 10. Qd3 Be6 11. b3 a5 12. Ng5 Qd7 13. Nxe6 Qxe6 14. Bf4 Rac8
15. Rfd1 Rfd8 16. h3 c5 17. Be3 cxd4 18. Bxd4 Nxe4 19. Qxe4 Qxe4 20. Nxe4 Bxd4
21. Rac1 e5 22. Rxc8 Rxc8 23. Bd3 Rc6 24. Nd2 f5 25. Nc4 Nxc4 26. Bxc4+ Kg7 27.
Kf1 Kf6 28. f4 b6 29. fxe5+ Kxe5 30. Re1+ Kf4 31. Re7 h6 32. Rd7 Bc5 33. Rd3 g5
34. g3+ Ke5 35. Rd5+ Ke4 36. Rd8 Rf6 37. Ke2 Bd6 38. Re8+ Kd4 39. Re3 h5 40.
Rd3+ Kc5 41. Rd5+ Kc6 42. Rd3 f4 43. Bd5+ Kc7 44. gxf4 Bxf4 45. Bf3 Re6+ 46.
Kf2 1/2-1/2

[Event "KP 2017-18, Nachod B - Trebechovice"]
[Site "?"]
[Date "2017.11.12"]
[Round "2.4"]
[White "Krasa, Marek"]
[Black "Pinkava, Josef"]
[Result "0-1"]
[WhiteElo "1682"]
[BlackElo "1862"]
[PlyCount "60"]
[EventDate "2017.??.??"]

1. c4 e6 2. Nc3 d5 3. cxd5 exd5 4. d4 c6 5. Nf3 Nf6 6. e3 Bf5 7. Be2 Bd6 8. O-O
O-O 9. Re1 Nbd7 10. Bd3 Bg6 11. Bxg6 hxg6 12. h3 Re8 13. Qc2 Ne4 14. Nxe4 dxe4
15. Nd2 Qh4 16. Nf1 Nf6 17. Qe2 g5 18. Bd2 g4 19. hxg4 Nxg4 20. g3 Qh3 21. f4
Re6 22. Qg2 Qh7 23. Nh2 Nxh2 24. Qxh2 Rh6 25. Qg2 f5 26. Rf1 Kf7 27. g4 Rh8 28.
g5 Rh1+ 29. Kf2 Qh4+ 30. Ke2 Rh2 0-1

[Event "KP 2017-18, Nachod B - Trebechovice"]
[Site "?"]
[Date "2017.11.12"]
[Round "2.5"]
[White "Bednar, Jiri"]
[Black "Mares, Ilja"]
[Result "1/2-1/2"]
[WhiteElo "1866"]
[BlackElo "1804"]
[PlyCount "90"]
[EventDate "2017.??.??"]

1. e4 d6 2. d4 Nf6 3. Nc3 g6 4. Bg5 Bg7 5. Qd2 O-O 6. Bh6 Nc6 7. Bxg7 Kxg7 8.
f4 e5 9. fxe5 dxe5 10. d5 Ne7 11. O-O-O Ne8 12. Nf3 f6 13. h3 Nd6 14. g4 g5 15.
Bd3 Ng6 16. Rdg1 Bd7 17. h4 h6 18. Nd1 Nf4 19. Ne3 c6 20. c4 Rc8 21. Kb1 cxd5
22. cxd5 Nxd3 23. Qxd3 Bb5 24. Qb3 Bc4 25. Nxc4 Rxc4 26. Nd2 Rd4 27. Qe3 Qd7
28. Rg2 Qa4 29. Re2 Nxe4 30. Nb3 Rc4 31. Reh2 Rh8 32. hxg5 Nxg5 33. Nc5 Qe8 34.
Ne6+ Nxe6 35. dxe6 Qg6+ 36. Ka1 Qg5 37. Qxg5+ fxg5 38. Rf2 Rf4 39. Rc2 Kf6 40.
Rc7 Kxe6 41. Rxb7 Rf7 42. Rb5 Rhf8 43. Rxh6+ Rf6 44. Rxf6+ Rxf6 45. Kb1 Rf4
1/2-1/2

[Event "KP 2017-18, Nachod B - Trebechovice"]
[Site "?"]
[Date "2017.11.12"]
[Round "2.6"]
[White "Kracik, Martin"]
[Black "Vagner, Patrik"]
[Result "1/2-1/2"]
[WhiteElo "1779"]
[BlackElo "1730"]
[PlyCount "82"]
[EventDate "2017.??.??"]

1. c4 c6 2. Nc3 d5 3. cxd5 cxd5 4. d4 Nf6 5. e3 e6 6. Nf3 Nc6 7. Bd3 Bd6 8. O-O
O-O 9. Bd2 Bd7 10. Re1 Rc8 11. a3 Re8 12. e4 dxe4 13. Nxe4 Be7 14. Nxf6+ Bxf6
15. Bc3 Ne7 16. Ne5 Nd5 17. Nxd7 Qxd7 18. Rc1 a6 19. Be4 b5 20. Qf3 Red8 21.
Qh5 g6 22. Qf3 Bg7 23. h4 Bh6 24. Rcd1 Qc7 25. Bxd5 Rxd5 26. Re5 Rcd8 27. Rxd5
Rxd5 28. g3 Qd8 29. Bb4 Bg7 30. Bc3 e5 31. Ba5 Qd7 32. Bb6 exd4 33. b4 d3 34.
Bc5 Bb2 35. Qf4 Be5 36. Qh6 Bg7 37. Qf4 Qd8 38. Qe4 d2 39. Be3 Bc3 40. Qc2 Rd3
41. Kf1 Bg7 1/2-1/2

[Event "KP 2017-18, Nachod B - Trebechovice"]
[Site "?"]
[Date "2017.11.12"]
[Round "2.7"]
[White "Dusbaba, Petr"]
[Black "Zitny, Dominik"]
[Result "1-0"]
[WhiteElo "1785"]
[BlackElo "1699"]
[PlyCount "69"]
[EventDate "2017.??.??"]

1. e4 c5 2. Nf3 Nc6 3. d4 cxd4 4. Nxd4 d6 5. Bc4 Nf6 6. Nc3 g6 7. Be3 Bg7 8.
O-O O-O 9. Qd2 Ng4 10. Nxc6 bxc6 11. Bg5 Be6 12. Bxe6 fxe6 13. h3 Ne5 14. Rab1
Rf3 15. Qe2 Rf7 16. Bh4 Qb6 17. Kh1 Raf8 18. Na4 Qb4 19. b3 c5 20. f3 Nc6 21.
Qa6 Ne5 22. Be1 Qd4 23. Qe2 Bh6 24. Bc3 Qe3 25. Qxe3 Bxe3 26. Bxe5 dxe5 27.
Rbd1 g5 28. Rd3 Bf4 29. Nxc5 Rc8 30. b4 Rc7 31. Rd7 Rxd7 32. Nxd7 h5 33. c4 g4
34. c5 Rh7 35. b5 1-0

[Event "KP 2017-18, Nachod B - Trebechovice"]
[Site "?"]
[Date "2017.11.12"]
[Round "2.8"]
[White "Zdechovsky, Tobias"]
[Black "Kansky, Josef"]
[Result "1-0"]
[WhiteElo "1503"]
[BlackElo "1796"]
[PlyCount "55"]
[EventDate "2017.??.??"]

1. e4 e6 2. d4 b6 3. Nc3 Bb7 4. Bd3 Nc6 5. Nf3 Nf6 6. e5 Nd5 7. Nxd5 exd5 8. c3
Be7 9. Qe2 h6 10. h4 Qc8 11. g4 Nd8 12. g5 hxg5 13. Bxg5 Ne6 14. O-O-O c5 15.
Bxe7 Kxe7 16. Bf5 cxd4 17. Nxd4 g6 18. Bxe6 dxe6 19. Qf3 Rh5 20. Qf6+ Ke8 21.
Nb5 Qd7 22. Nd6+ Kf8 23. Rhg1 Qe7 24. Rxg6 Qxf6 25. Rxf6 Rh7 26. Nxb7 Rc8 27.
Nd6 Rc7 28. Rd4 1-0